| LEADER 00000nam 2200000uu 4500 |
| 008 110222s2552||||th 000 0 tha d |
| 060 0 วจ WM 20 ศ738ส 2553
|
| 100 0 ^aศุภาพิชญ์ (มณีสาคร) โฟนโบร์แมนน์.
|
| 245 00 ^aรายงานวิจัยเรื่อง สถานการณ์กำลังคนด้านสุขภาพจิตและจิตเวช นอกสังกัดกรมสุขภาพจิต กระทรวงสาธารณสุข พ.ศ.2552/^bศุภาพิชญ์ (มณีสาคร) โฟนโบร์แมนน์,วรรณวิไล ภู่ตระกูล,นิรนาท วิทยโชคกิติคุณ.
|
| 260 ^aกรุงเทพฯ : ^bสถาบันพระบรมราชชนก,^c2553.
|
| 300 ^aจำนวน 51 หน้า ;^bภาพประกอบ.
|
| 650 0 ^aกำลังคนด้านสุขภาพจิตและจิตเวช - - ^xสถานการณ์.
|
| 650 0 ^aบุคลากรที่ปฏิบัติงาน - - ^xจิตเวช.
|
| 650 0 ^aบริการสุขภาพจิตและจิตเวช.
|
| 700 0 ^aวรรณวิไล ภู่ตระกูล.
|
| 700 0 ^aนิรนาท วิทยโชคกิติคุณ.
|
| 710 1 ^aสถาบันพระบรมราชชนก กระทรวงสาธารณสุข.
|
| 999 ^aใช้งานได้ทุกระบบ
|